| 000 | 00747nam a2200229Ia 4500 | ||
|---|---|---|---|
| 008 | 220216s9999 xx 000 0 und d | ||
| 100 | _aSathik M.B.M. | ||
| 245 | 0 | _aTapping panel dryness in Hevea brasiliensis: Investigations on the gene transcripts from latex by suppression subtractive hybridization | |
| 260 |
_bJournal of Plantation Crops _c2009 |
||
| 300 | _a166-170 | ||
| 650 | _aDifferential gene expression | ||
| 650 | _aHevea brasiliensis | ||
| 650 | _aSuppression subtractive hybridization | ||
| 650 | _aTapping panel dryness | ||
| 650 | _aTPD-responsive transcripts | ||
| 700 | _aJacob J | ||
| 700 | _aJose Rani Mary | ||
| 700 | _aKochunni Deena T. | ||
| 700 | _aMusthapha M.P. | ||
| 700 | _aThomas Molly | ||
| 942 | _cBS | ||
| 999 |
_c51856 _d51856 |
||